banner koha

Efeito do enxerto ósseo corticoesponjoso na osteogênese em falha cortical ulnar de galinhas domésticas (Gallus domesticus) (Registro n. 227811)

MARC details
000 -LÍDER
campo de controle de tamanho fixo 01187nas a2200349 4500
001 - NÚMERO DE CONTROLE
campo de controle BR2013003454
003 - IDENTIFICADOR DO NÚMERO DE CONTROLE
campo de controle BR-BrBNA
005 - DATA E HORÁRIO DA ÚLTIMA TRANSAÇÃO
campo de controle 20231205122255.0
007 - CAMPO FIXO DE DESCRIÇÃO FÍSICA--INFORMAÇÃO GERAL
campo de controle de tamanho fixo ta
008 - CAMPO DE DADOS FIXOS--INFORMAÇÃO GERAL
campo de controle de tamanho fixo 230509b bl.|||p| |||| 00| 00por d
040 ## - FONTE DA CATALOGAÇÃO
Instituição da catalogação original BR-BrBNA
Idioma da catalogação por
Instituição que transcreveu o registro Biblioteca Nacional de Agricultura
041 ## - CÓDIGO DE IDIOMA
Código do idioma do texto/trilha sonora ou título diferente (Pt)
072 ## - CÓDIGO DE CATEGORIA DE ASSUNTO
Código de Categoria de Assunto L70; L74
100 1# - ENTRADA PRINCIPAL--NOME PESSOAL
Nome pessoal Balthazar, D.A.
100 1# - ENTRADA PRINCIPAL--NOME PESSOAL
Nome pessoal Silva, M.F.A.
100 1# - ENTRADA PRINCIPAL--NOME PESSOAL
Nome pessoal Castro, D.S.
100 1# - ENTRADA PRINCIPAL--NOME PESSOAL
Nome pessoal Suzano, S.M.C.
100 1# - ENTRADA PRINCIPAL--NOME PESSOAL
Nome pessoal Cruz, R.A.
100 1# - ENTRADA PRINCIPAL--NOME PESSOAL
Nome pessoal Scherer, P.O.<br/>
100 1# - ENTRADA PRINCIPAL--NOME PESSOAL
Nome pessoal <br/>
100 1# - ENTRADA PRINCIPAL--NOME PESSOAL
Nome pessoal <br/>
245 1# - TÍTULO
Título Efeito do enxerto ósseo corticoesponjoso na osteogênese em falha cortical ulnar de galinhas domésticas (Gallus domesticus)
246 1# - FORMA VARIANTE DO TÍTULO
Título/título abreviado Effect of cortico-cancellous bone grafting in osteogenisis of cortical ulnar failure of domestic chickens (Gallus domesticus)
650 ## - ASSUNTO--TERMO TÓPICO
Cabeçalho tópico ou nome geográfico GALINHA
650 ## - ASSUNTO--TERMO TÓPICO
Cabeçalho tópico ou nome geográfico OSSO
650 ## - ASSUNTO--TERMO TÓPICO
Cabeçalho tópico ou nome geográfico LESÃO
650 ## - ASSUNTO--TERMO TÓPICO
Cabeçalho tópico ou nome geográfico ENXERTO
773 0# - ENTRADA ANALÍTICA
Título Arquivo Brasileiro de Medicina Veterinária e Zootecnia (Brazil)
ISSN - International Standard Serial Number ISSN 0102-0935
Partes relacionadas (Feb 2013), v. 65(1) p. 119-126
Número de controle do registro BR2013003454
856 40 - LOCALIZAÇÃO ELETRÔNICA E ACESSO
Uniform Resource Identifier <a href="http://www.scielo.br/pdf/abmvz/v65n1/a18v65n1.pdf">http://www.scielo.br/pdf/abmvz/v65n1/a18v65n1.pdf</a>
909 ## -
-- 202311
-- Lúcia
-- 55
-- Lúcia Elande
942 ## - ELEMENTOS DE ENTRADA ADICIONADOS (KOHA)
Fonte da classificação ou esquema de arquivamento na estante Classificação AGRIS
Ocultar no OPAC Não
Tipo de material Koha Analítica
Exemplares
Situação do descarte Fonte da classificação ou esquema de arquivamento na estante Situação física Não pode ser emprestado Biblioteca de origem Biblioteca atual Localização na estante Enumeração do periódico / cronologia Total de empréstimos Data de último acesso Número do exemplar Tipo de material Koha Fonte de aquisição
  Classificação AGRIS   Consulta local Biblioteca Nacional de Agricultura - Binagri Biblioteca Nacional de Agricultura - Binagri   (Feb 2013), v. 65(1) p. 119-126   29/11/2023 01 Periódicos Portaria Interministerial nº 164/94

BINAGRI

Telefone: (61)3218-2567/2388/3357/2097 - binagri@agro.gov.br

Ministério da Agricultura e Pecuária , Esplanada dos Ministérios, Bloco D, Anexo B, Brasília/DF, CEP: 70.043-900